| 000 | 01004nam a2200217Ia 4500 | ||
|---|---|---|---|
| 999 |
_c37490 _d37490 |
||
| 001 | 3452 | ||
| 003 | GE_BSU | ||
| 005 | 20190621161753.0 | ||
| 008 | 181216s2003||||ge |||||||||||||| ||geo|| | ||
| 040 | _cGE_BSU | ||
| 041 | _ageo | ||
| 080 | _a378(061) ბ–17 | ||
| 245 |
_aშრომები. ბათუმის შოთა რუსთაველის სახელმწიფო უნივერსიტეტი. შრომები / _bტ. 4. |
||
| 264 |
_aბათუმი : _bბათუმის უნ–ტი, _c2003. |
||
| 300 |
_a319 გვ. ; _b26 სმ. |
||
| 490 | _aსაბუნებისმეტყველო მეცნ. სერია | ||
| 653 | _aშრომები | ||
| 653 | _aსაბუნებისმეტყველო მეცნიერებანი | ||
| 710 |
_aბათუმის შოთა რუსთაველის სახელმწიფო უნივერსიტეტი _92743 |
||
| 942 |
_cBK _2udc |
||